Hevea brasiliensis en Hevea spruceana hyvrid als onderstam voor oculaties (Rubberserie No.122) (Record no. 45828)

MARC details
000 -LEADER
fixed length control field 00365nam a2200109Ia 4500
100 ## - MAIN ENTRY--AUTHOR NAME
Personal name Schmole J.F.
245 #0 - TITLE STATEMENT
Title Hevea brasiliensis en Hevea spruceana hyvrid als onderstam voor oculaties (Rubberserie No.122)
260 ## - PUBLICATION, DISTRIBUTION, ETC. (IMPRINT)
Name of publisher Overdruk uit het Archief voor de Rubbercultuur Deel
Year of publication 1941
300 ## - PHYSICAL DESCRIPTION
Number of Pages 149-158
942 ## - ADDED ENTRY ELEMENTS (KOHA)
Koha item type Reprints
Holdings
Withdrawn status Lost status Damaged status Not for loan Home library Current library Date acquired Serial Enumeration / chronology Koha item type
      Reprints RRII Library RRII Library 22/12/2021 Volume 25, Issue 2 Reprints